Ekonomické dosahy ukrajinského konfliktu na vývoj zahraničnoobchodných vzťahov medzi EÚ a Ukrajinou diplomová práca

Na minha lista:
Detalhes bibliográficos
Autor principal: Krajčovič, Tomáš
Autor Corporativo: Obchodná fakulta EU. Katedra medzinárodného obchodu
Outros Autores: Kašťáková, Elena, 1974-
Formato: Livro
Idioma:eslovaco
Publicado em: Bratislava 2017
Tags: Adicionar Tag
Sem tags, seja o primeiro a adicionar uma tag!

MARC

LEADER 00000nbm a2200000 4500
001 0230604
005 20170927111720.4
041 0 |a slo 
044 |a SK 
245 1 0 |a Ekonomické dosahy ukrajinského konfliktu na vývoj zahraničnoobchodných vzťahov medzi EÚ a Ukrajinou  |b diplomová práca  |c Tomáš Krajčovič ; školiteľ: Elena Kašťáková 
264 1 |a Bratislava  |c 2017 
300 |a 66 s. 
100 1 |a Krajčovič, Tomáš 
700 1 |a Kašťáková, Elena, 1974- 
710 2 |a Obchodná fakulta EU. Katedra medzinárodného obchodu